000 00349nam a2200133Ia 4500
008 240624s9999 xx 000 0 und d
041 _aeng
082 _a658.4063 MCH
100 _aMCHUGH PATRICK
245 _aBEYOND BUSINESS PROCESS REENGINEERING TO
260 _c1995
_aChichester
_bJohn Wiley
300 _axi, : 212 : p. : cm. ; 25
365 _cRS
999 _c1649
_d1649